Teatro completo : (Record no. 95742)

MARC details
000 -LEADER
fixed length control field 01139nam a22002417a 4500
005 - DATE AND TIME OF LATEST TRANSACTION
control field 20150616131951.0
008 - FIXED-LENGTH DATA ELEMENTS--GENERAL INFORMATION
fixed length control field 150616b mx||||| |||| 00| 0 spa d
020 ## - INTERNATIONAL STANDARD BOOK NUMBER
International Standard Book Number 9789681675219 (rustica)
020 ## - INTERNATIONAL STANDARD BOOK NUMBER
International Standard Book Number 9789681684112 (empastada)
050 0s - LIBRARY OF CONGRESS CALL NUMBER
Classification number PQ7297 .O46
Item number T43 2007
100 1# - MAIN ENTRY--PERSONAL NAME
Personal name Olmos, Carlos,
Dates associated with a name 1947
245 10 - TITLE STATEMENT
Title Teatro completo :
Remainder of title Carlos Olmos ; Prólogo y edición de Julian Robles y Enrique Serna
250 ## - EDITION STATEMENT
Edition statement 1a ed.
260 ## - PUBLICATION, DISTRIBUTION, ETC. (IMPRINT)
Place of publication, distribution, etc México :
Name of publisher, distributor, etc Fondo de Cultura Economica,
Date of publication, distribution, etc 2007
300 ## - PHYSICAL DESCRIPTION
Extent 636 p., [16] p. láms. :
Other physical details il. ;
Dimensions 23 cm.
440 #0 - SERIES STATEMENT/ADDED ENTRY--TITLE
Title Colección : Letras mexicanas
440 #0 - SERIES STATEMENT/ADDED ENTRY--TITLE
Title Serie mayor
505 ## - FORMATTED CONTENTS NOTE
Formatted contents note Contenido :
Miscellaneous information v. Tríptico de juegos -- Juegos profanos (el infierno) -- Juegos impuros (el purgatorio) -- Juegos fatuos (la gloria) -- Lenguas muertas -- Las ruinas de Babilonia -- El presente perfecto -- La rosa de oro -- El brillo de la ausencia -- El dandy del hotel Savoy -- El eclipse -- Final de vierne -- Atardecer en el tropico -- Después del terremoto.
650 #4 - SUBJECT ADDED ENTRY--TOPICAL TERM
Topical term or geographic name as entry element Teatro mexicano
700 1# - ADDED ENTRY--PERSONAL NAME
Personal name Robles, Julián,
Fuller form of name prolog.
700 1# - ADDED ENTRY--PERSONAL NAME
Personal name Serna, Enrique,
Fuller form of name prolog.
942 ## - ADDED ENTRY ELEMENTS (KOHA)
Source of classification or shelving scheme Biblioteca del Cogreso de los Estados Unidos
Koha item type Libro
Holdings
Estado de pérdida Fuente de clasificación Estado del daño No para préstamo Ubicación permanente Ubicación actual Apartado o colección Fecha de adquisición Edición Enumeración de Serie / Cronológica Área del conocimiento Clasificación Código de Barras Date last seen Número de copia Tipo de recurso Nota pública
  Biblioteca del Cogreso de los Estados Unidos     Biblioteca de la Facultad de Letras Biblioteca de la Facultad de Letras General 16/06/2015 1a ed. LLH000006519 Educación y Humanidades PQ7297.O46 T43 2007 LLH000006519 16/06/2015 C:1 Libro General
  Biblioteca del Cogreso de los Estados Unidos     Biblioteca de la Facultad de Letras Biblioteca de la Facultad de Letras General 16/06/2015 1a ed. LLH000006520 Educación y Humanidades PQ7297.O46 T43 2007 LLH000006520 16/06/2015 C:2 Libro General
  Biblioteca del Cogreso de los Estados Unidos     Biblioteca de la Facultad de Letras Biblioteca de la Facultad de Letras General 16/06/2015 1a ed. LLH000006531 Educación y Humanidades PQ7297.O46 T43 2007 LLH000006531 16/06/2015 C:3 Libro General
  Biblioteca del Cogreso de los Estados Unidos     Biblioteca de la Facultad de Letras Biblioteca de la Facultad de Letras General 16/06/2015 1a ed. LLH000006532 Educación y Humanidades PQ7297.O46 T43 2007 LLH000006532 16/06/2015 C:4 Libro General